South Asian Languages in Google Translate - Statistics

General Stats
  • This quiz has been taken 108 times
  • The average score is 12 of 15
Answers on the Map
Answers color-coded by a green-red scale on the quiz's map according to % correct below.
 
Answer Stats
Native Speakers (M) Language % Correct
322 Hindi
98%
230 Bengali
96%
75 Tamil
91%
68.6 Urdu
91%
16 Nepali
90%
50 Pashto
86%
125 Punjabi
85%
56 Gujarati
79%
17 Sinhala
77%
82 Telugu
77%
43 Kannada
75%
45 Malayalam
75%
83 Marathi
75%
25.5 Sindhi
67%
35 Odia (Oriya)
60%
No matching quizzes found
Score Distribution
Percent of People with Each Score
Percentile by Number Answered
Your Score History
You have not taken this quiz